| 000 | 00727nam a22002297a 4500 | ||
|---|---|---|---|
| 003 | LK-CoMWRAF | ||
| 005 | 20231006113834.0 | ||
| 008 | 231006b2000 |||||||| |||| 00| 0 eng d | ||
| 020 | _a0471298433 | ||
| 040 |
_aLK-CoMWRAF _dLK-CoMWRAF _eLK-CoMWRAF |
||
| 041 | _aeng | ||
| 082 |
_a361.7 _bFIS |
||
| 100 | _aFischer, Marilyn | ||
| 245 | _aEthical decision making in fund raising | ||
| 260 |
_aNew York: _bWiley, _c2000 |
||
| 300 |
_axix, 251 p. ; 24 cm. _bbibliography and index included |
||
| 490 | _aThe NSFRE/Wiley fund development series | ||
| 650 | _aFUND RAISING-Moral and ethical aspects | ||
| 650 | _aCharities-Moral and ethical aspects. | ||
| 650 | _aDecision making-Moral and ethical aspects. | ||
| 942 | _cBK | ||
| 999 |
_c3792 _d3792 |
||